Movies Franchises with the Highest Number of Sequels (thru 10/2016) - Statistics

General Stats
  • This quiz has been taken 127 times
  • The average score is 8 of 26
Answer Stats
Answer % Correct
Star Wars (7)
81%
James Bond (23)
69%
Harry Potter (8)
68%
The Fast and the Furious (7)
60%
Batman (8)
56%
Superman (7)
54%
Star Trek (12)
53%
Halloween (10)
40%
X-Men (7)
39%
Alien (4)
35%
Friday the 13th (12)
35%
A Nightmare On Elm Street (8)
33%
Rocky (7)
30%
Saw (7)
30%
Godzilla (29)
24%
Shrek (4)
22%
Jaws (4)
20%
Scream (4)
19%
Pirates of the Caribbean (4)
16%
Lethal Weapon (4)
12%
Planet of the Apes (7)
11%
Scary Movie (5)
9%
American Pie (7)
7%
Final Destination (5)
6%
Karate Kid (5)
5%
The Land Before Time (14)
5%
No matching quizzes found
Score Distribution
Percent of People with Each Score
Percentile by Number Answered
Your Score History
You have not taken this quiz